书目信息 |
| 题名: |
低音提琴在中西方乐队中的发展与应用
|
|
| 作者: | 杨智皓 著 | |
| 分册: | ||
| 出版信息: | 北京 中国书籍出版社 2020.10 |
|
| 页数: | 210页 | |
| 开本: | 24cm | |
| 丛书名: | 高校学术创新当代学人前沿探索书系 | |
| 单 册: | ||
| 中图分类: | J622.4 | |
| 科图分类: | ||
| 主题词: | 低音提琴--di yin ti qin--研究 | |
| 电子资源: | ||
| ISBN: | 978-7-5068-8132-6 | |
| 000 | 01094nam 2200265 450 | |
| 001 | CAL 0120227350988 | |
| 005 | 20230217093112.0 | |
| 010 | @a978-7-5068-8132-6@dCNY68.00 | |
| 100 | @a20220120d2020 em y0chiy0120 ea | |
| 101 | 0 | @achi |
| 102 | @aCN@b110000 | |
| 105 | @aag a 000yy | |
| 106 | @ar | |
| 200 | 1 | @a低音提琴在中西方乐队中的发展与应用@Adi yin ti qin zai zhong xi fang yue dui zhong de fa zhan yu ying yong@f杨智皓著 |
| 210 | @a北京@c中国书籍出版社@d2020.10 | |
| 215 | @a210页@c图@d24cm | |
| 225 | 2 | @a高校学术创新当代学人前沿探索书系@Agao xiao xue shu chuang xin dang dai xue ren qian yan tan suo shu xi |
| 320 | @a有书目 (第208-210页) | |
| 330 | @a本书共分六章, 主要内容包括: 低音提琴的发展历史、低音提琴在交响乐队中的作用、低音提琴在民族管弦乐队中的应用、低音提琴在室内乐重奏中的应用、民间音乐中的低音提琴伴奏、低音提琴的民族化发展。 | |
| 410 | 0 | @12001 @a高校学术创新当代学人前沿探索书系 |
| 606 | 0 | @a低音提琴@Adi yin ti qin@x研究 |
| 690 | @aJ622.4@v5 | |
| 701 | 0 | @a杨智皓@Ayang zhi hao@4著 |
| 801 | 0 | @aCN@bBJXHZP@c20230228 |
| 905 | @b1386681-4@dJ622.4@e620@f4 | |
| 低音提琴在中西方乐队中的发展与应用/杨智皓著.-北京:中国书籍出版社,2020.10 |
| 210页:图;24cm.-(高校学术创新当代学人前沿探索书系) |
| ISBN 978-7-5068-8132-6:CNY68.00 |
| 本书共分六章, 主要内容包括: 低音提琴的发展历史、低音提琴在交响乐队中的作用、低音提琴在民族管弦乐队中的应用、低音提琴在室内乐重奏中的应用、民间音乐中的低音提琴伴奏、低音提琴的民族化发展。 |
| ● |
| 相关链接 |
|
|
|
|
正题名:低音提琴在中西方乐队中的发展与应用
索取号:J622.4/620
 
预约/预借
| 序号 | 登录号 | 条形码 | 馆藏地/架位号 | 状态 | 备注 |
| 1 | 1386681 | 213866814 | 第一样本阅览室/ [索取号:J622.4/620] | 在馆 | |
| 2 | 1386682 | 213866823 | 第一借阅区/ [索取号:J622.4/620] | 在馆 | |
| 3 | 1386683 | 213866832 | 第一借阅区/ [索取号:J622.4/620] | 在馆 | |
| 4 | 1386684 | 213866841 | 第一借阅区/ [索取号:J622.4/620] | 在馆 |